Dauerbrenner der deutschen Singlecharts - Statistiken

Allgemein
  • Dieses Quiz wurde 93 mal gespielt
  • Das Durchschnittsergebnis liegt bei 3 aus 21
Antwortstatistiken
Wochen Höchste Platzierung Titel (Interpret wird aufgelöst) Erste Chartwoche Letzte Chartwoche % Korrekt
169 1 Last Christmas - Wham! 24.12.1984 24.11.2023
73%
95 1 All I Want for Christmas Is You - Mariah Carey 05.12.1994 24.11.2023
37%
199 1 Roller - Apache 207 30.08.2019 24.11.2023
37%
117 3 Atemlos durch die Nacht - Helene Fischer 18.10.2013 16.10.2020
34%
140 1 Blinding Lights - The Weeknd 06.12.2019 06.01.2023
22%
125 1 Dance Monkey - Tones and I 16.08.2019 22.04.2022
15%
108 1 Ein Stern (… der deinen Namen trägt) - DJ Ötzi & Nik P. 16.02.2007 13.01.2012
13%
106 2 Geboren um zu leben - Unheilig 12.02.2010 19.04.2013
10%
138 3 Wonderful Dream (Holidays Are Coming) - Melanie Thornton 10.12.2001 24.11.2023
10%
198 9 Another Love - Tom Odell 01.03.2013 24.11.2023
8%
129 29 Sky and Sand - Paul & Fritz Kalkbrenner 12.02.2010 21.03.2014
7%
104 5 Save Your Tears - The Weeknd 22.01.2021 11.08.2023
6%
146 2 Can’t Hold Us - Macklemore & Ryan Lewis feat. Ray Dalton 18.01.2013 17.11.2023
5%
117 2 Heat Waves - Glass Animals 19.03.2021 04.08.2023
3%
100 3 Run - Leona Lewis 26.12.2008 21.03.2014
3%
97 2 Heavy Cross - Gossip 26.06.2009 13.01.2012
2%
97 1 Wellerman - Nathan Evans 29.01.2021 20.01.2023
2%
95 13 All of Me - John Legend 14.02.2014 19.02.2016
1%
97 1 Auf & ab - Montez 06.08.2021 20.10.2023
1%
100 18 Someone You Loved - Lewis Capaldi 08.02.2019 07.07.2023
1%
104 4 Sonnentanz - Klangkarussell 24.08.2012 05.09.2014
1%
Keine übereinstimmenden Quizze gefunden
Verteilung der Resultate
Anzahl Personen mit jedem Resultat
Perzentil nach korrekt beantworteten Fragen
Ihre Resultats-Entwicklung
Sie haben dieses Quiz noch nicht gespielt